000 00270nam a22001097a 4500
008 241121b |||||||| |||| 00| 0 eng d
100 _aNIIT
245 _aDeveloping Web Application:
_bUsing ASP.net
260 _aIndia :
_bNIIT limited,
300 _c24 Cm.
942 _2ddc
999 _c10087
_d10088